Activities In Mathematics (Record no. 528)

MARC details
000 -LEADER
fixed length control field 00279nam a2200109 4500
008 - FIXED-LENGTH DATA ELEMENTS--GENERAL INFORMATION
fixed length control field 160623b xxu||||| |||| 00| 0 eng d
100 ## - MAIN ENTRY--PERSONAL NAME
9 (RLIN) 645
Personal name Candy, B, F
245 ## - TITLE STATEMENT
Title Activities In Mathematics
260 ## - PUBLICATION, DISTRIBUTION, ETC. (IMPRINT)
Place of publication, distribution, etc. Lan
Name of publisher, distributor, etc. Halton
Date of publication, distribution, etc. 1967
300 ## - PHYSICAL DESCRIPTION
Extent Activities In Mathematics
942 ## - ADDED ENTRY ELEMENTS (KOHA)
Source of classification or shelving scheme Dewey Decimal Classification
Koha item type BOOK
Holdings
Withdrawn status Lost status Source of classification or shelving scheme Damaged status Not for loan Home library Current library Shelving location Date acquired Total Checkouts Full call number Barcode Date last seen Price effective from Koha item type
    Dewey Decimal Classification     Good Samaritan School Library Good Samaritan School Library   06/23/2016   370 CAN530 06/23/2016 06/23/2016 BOOK

Powered by Koha